Planning and design guidelines for small craft harbors /

Bibliographic Details
Corporate Authors: American Society of Civil Engineers. Task Committee on Marinas 2020, American Society of Civil Engineers
Format: Book
Language:English
Published: Reston : American Society of Civil Engineers, [2012]
Edition:3rd ed.
Series:ASCE manuals and reports on engineering practice ; no. 50.
Subjects:

MARC

Tag First Indicator Second Indicator Subfields
LEADER 00000cam a2200000 a 4500
001 in00002787422
005 20151202172134.0
008 120928s2012 vaua b 001 0 eng
010 |a  2012030104 
016 7 |a 016211345  |2 Uk 
020 |a 9780784411988 (alk. paper) 
020 |a 0784411980 (alk. paper) 
035 |a (OCoLC)ocn746836741 
035 |a (OCoLC)746836741 
040 |a DLC  |b eng  |c DLC  |d BTCTA  |d OCLCO  |d UKMGB  |d TXA  |d UtOrBLW 
042 |a pcc 
049 |a TXAM 
050 0 0 |a TC328  |b .A44 2012 
082 0 0 |a 627/.38  |2 23 
245 0 0 |a Planning and design guidelines for small craft harbors /  |c prepared by the Task Committee on Marinas 2020 of the Coasts, Oceans, Ports, and Rivers Institute of the American Society of Civil Engineers. 
250 |a 3rd ed. 
264 1 |a Reston :  |b American Society of Civil Engineers,  |c [2012] 
264 4 |c ©2012 
300 |a x, 365 pages :  |b illustrations ;  |c 23 cm. 
336 |a text  |b txt  |2 rdacontent 
337 |a unmediated  |b n  |2 rdamedia 
338 |a volume  |b nc  |2 rdacarrier 
490 1 |a ASCE manuals and reports on engineering practice ;  |v no. 50 
504 |a Includes bibliographical references and index. 
650 0 |a Marinas  |x Design and construction. 
650 0 |a Harbors  |x Design and construction. 
710 2 |a American Society of Civil Engineers.  |b Task Committee on Marinas 2020. 
710 2 |a American Society of Civil Engineers. 
830 0 |a ASCE manuals and reports on engineering practice ;  |v no. 50. 
994 |a C0  |b TXA 
948 |a cataloged  |b h  |c 2012/12/18  |d c  |e nbehmer  |f 3:29:56 pm 
999 |a MARS 
999 f f |s a41bbb75-f4ab-3af3-a71a-d07735c22f0f  |i 80ed96e0-9f04-3ba0-b8b7-3895bb718f64  |t 0 
952 f f |p normal  |a Texas A&M University  |b College Station  |c Sterling C. Evans Library  |d Evans: Library Stacks  |t 0  |e TC328 .A44 2012  |h Library of Congress classification  |i unmediated -- volume  |m A14841625751 
998 f f |a TC328 .A44 2012  |t 0  |l Evans: Library Stacks